| 000 | 01629nam a2200349 a 4500 | ||
|---|---|---|---|
| 001 | |||
| 003 | Ost | ||
| 005 | 20220304093112.0 | ||
| 008 | 140324s2013 dr 000 j spa d | ||
| 020 | _a9789945412826 | ||
| 040 |
_aBPMSU _bspa _cBPMSU |
||
| 082 |
_aRD863.44 _bB533v, 2012 _222 |
||
| 100 | 1 | _aBerroa, Fernánco | |
| 245 | 1 | 3 |
_aLa verdadera muerte de Pedro Henríquez Ureña y otros cuentos / _cFernándo Berroa, Jorge Araújo, Reynaldo Disla |
| 260 |
_aSanto Domingo : _bFUNGLODE, _c2013. |
||
| 300 |
_a88 p. ; _c23 cm. |
||
| 490 | 0 | _aPremios Funglode/GFDD | |
| 500 | _aIncluye datos biográficos de los autores en la contracubierta | ||
| 505 | 0 |
_tPrimer lugar: La verdadera muerte de Pedro Henríquez Ureña / _rBerroa, Fernando -- _tSegún lugar: Recuerdos de una noche de atabales / _rAraújo, Jorge -- _tTercer lugar : El portentoso juego de Rafelo Vásquez / _rDisla, Reynaldo -- _tMención: A ritmo de jazz / _rMuñiz, Jorge -- _tMención :Corsario & Chapitán en la media islita / _rCabrera, Miguel Ángel -- _tMencón :La colombiana / _rBerroa, Fernando |
|
| 586 | _aPremio FUNGLODE de Cuento Juan Bosch | ||
| 590 | _aInventariado, 2021/VM | ||
| 650 | 4 | _aCuentos dominicanos | |
| 650 | 4 | _aLiteratura dominicana. | |
| 650 | 4 | _aCertámenes literarios | |
| 650 | 4 | _aPremios literarios | |
| 700 | 1 |
_aAraújo, Jorge _tRecuerdo de una noche de atabales |
|
| 700 | 1 |
_aDisla, Reynaldo _tEl portentoso juego de Rafelo vásquez |
|
| 710 | 2 | _aFundación Global Democracía y Desarrollo (República Dominicana) | |
| 711 | 2 |
_aPremio FUNGLODE _d(2012 : _cSanto Domingo) |
|
| 910 | _aVMateo V. | ||
| 942 |
_2ddc _cBK |
||
| 999 |
_c13644 _d13644 |
||